Here endeth the lesson (Record no. 45500)

MARC details
000 -LEADER
fixed length control field 00479nam a2200145 a 4500
008 - FIXED-LENGTH DATA ELEMENTS--GENERAL INFORMATION
fixed length control field 060316s1969 ||||||||||||||||| || u
020 ## - INTERNATIONAL STANDARD BOOK NUMBER
International Standard Book Number 0413444708
050 ## - LIBRARY OF CONGRESS CALL NUMBER
Classification number PR 6052.E7H4
100 ## - MAIN ENTRY--PERSONAL NAME
Personal name Bermant, Chaim, 1929-
245 10 - TITLE STATEMENT
Title Here endeth the lesson
260 ## - PUBLICATION, DISTRIBUTION, ETC.
Place of publication, distribution, etc. London :
Name of publisher, distributor, etc. Eyre and Spottswoode
Date of publication, distribution, etc. 1969
300 ## - PHYSICAL DESCRIPTION
Extent 218 p.
350 ## - PRICE (NR) (BK AM CF MU VM SE) [OBSOLETE]
Price 0.00
995 ## - RECOMMENDATION 995 [LOCAL, UNIMARC FRANCE]
-- 0.00
-- CBU-MAIN LIBRARY (Kitwe)
-- 1
-- 3.25
-- 1
-- AVAILABLE
-- Fiction Collection
Holdings
Withdrawn status Lost status Source of classification or shelving scheme Damaged status Not for loan Home library Current library Shelving location Date acquired Total Checkouts Full call number Barcode Date last seen Price effective from Koha item type
          CBU-MAIN LIBRARY, KITWE. CBU-MAIN LIBRARY, KITWE.   11/30/2022   PR 6052.E7H4 011523 11/30/2022 11/30/2022 MONOGRAPH